000 00290nam a22001337a 4500
008 171018b xxu||||| |||| 00| 0 eng d
020 _a9781403912602
041 _aeng
080 _a338
100 _a53
101 _aMEN
245 _aINNOVATION MANAGEMENT
_cGOFFIN.K
942 _2udc
_cBK
999 _c34695
_d34695